Представление документа в формате RUSMARC

Поле Инд. ПП Название Значение
Тип записи a
Библиографический уровень a
001 Контрольный номер e709788cca5345c49c1ea1aa66f492c9
005 Дата корректировки 20200512133700.1
100 a Данные общей обработки 20181018 ||| 0rusy0189 ca
101 0_ a Язык текста rus
102 a Страна публикации RU
200 1_ f Первые сведения об ответственности М.С. Павлова
a Заглавие Проблема определения срока на подачу кассационной жалобы в Судебную коллегию Верховного Суда Российской Федерации
b Общее обозначение материала Текст
210 d Дата издания 2018
461 _0 1 2000
a Арбитражный и гражданский процесс
463 _0 1 2000
a №9
v С. 49-54
1 2101
d 2018
1 00184d8a3c66be14b0b8faae2610292807d
606 a Основная рубрика Гражданское процессуальное право
610 0_ a Ключевые слова АРБИТРАЖНЫЙ ПРОЦЕСС
a Ключевые слова КАССАЦИОННОЕ ПРОИЗВОДСТВО
a Ключевые слова ЖАЛОБА
a Ключевые слова ПЕРЕСМОТР СУДЕБНЫХ АКТОВ
a Ключевые слова СРОКИ
a Ключевые слова ВЕРХОВНЫЙ СУД РФ
700 _1 a Фамилия Павлова
b Имя М.С.
801 _0 a Страна RU
b Организация РГУП
c Дата составления 20181018
g Правила каталогизации PSBO
801 _1 a Страна RU
b Организация РГУП
c Дата составления 20181018
g Правила каталогизации PSBO
901 t Тип документа b
w Контрольный № источника 84d8a3c66be14b0b8faae2610292807d
905 a Дата ввода 20181018